[Event "JUG-ch"]
[Site "?"]
[Date "1988.??.??"]
[Round "?"]
[White "Todorovic, Goran M"]
[Black "Drasko, Milan"]
[Result "0-1"]
[WhiteElo "2425"]
[BlackElo "2465"]

1.e4 e6 2.d4 d5 3.Nd2 Nc6 4.c3 e5 5.dxe5 Nxe5 6.Ngf3 Qe7 7.Be2 Nf6 8.Nxe5 Qxe5
9.Nf3 Qxe4 10.O-O Bd6 11.Bb5+ Kf8 12.Re1 Qg4 13.Qxd5 Qf5 14.Qb3 h6 15.Bc4 Qh5
16.h3 b6 17.Qb5 Qxb5 18.Bxb5 Bb7 19.Nd4 a6 20.Bc6 Bxc6 21.Nxc6 Re8 22.Be3 Nd5
23.Bd4 f6 24.c4 Nf4 25.Be3 Nd3 26.Re2 Kf7 27.Rd2 Ne5 28.Nxe5+ Bxe5 29.Rad1 f5
30.b3 Re7 31.c5 b5 32.f4 Bf6 33.Rd3 Rhe8 34.Kf2 g5 35.g3 Kg6 36.R1d2 Re4
37.Kf3 R8e7 38.Bd4 Bxd4 39.Rxd4 Re3+ 40.Kf2 Rc3 41.fxg5 hxg5 42.Rd8 Rxc5
43.Ra8 Re6 44.Rg8+ Kf6 45.Rf8+ Kg7 46.Rdd8 Re7 47.Rg8+ Kf6 48.Rdf8+ Rf7 49.Re8 Rc2+
50.Re2 Rxe2+ 51.Kxe2 Rh7 52.Ra8 Rxh3 53.Rxa6+ Ke5 54.Kf2 Rh2+ 55.Ke3 Rg2
56.Kf3 Rc2 57.Ra8 g4+ 58.Ke3 Rg2 59.Rb8 Kf6 60.Rf8+ Kg6 61.Kf4 Rxa2 62.Rg8+ Kf6  0-1

[Event "URS-FL56"]
[Site "Klaipeda"]
[Date "1988.??.??"]
[Round "?"]
[White "Guseinov, Aidyn"]
[Black "Psakhis, Lev"]
[Result "0-1"]
[WhiteElo "2325"]
[BlackElo "2560"]

1.d4 e6 2.e4 d5 3.Nd2 a6 4.Ngf3 c5 5.exd5 exd5 6.dxc5 Bxc5 7.Be2 Nf6 8.O-O O-O
9.Nb3 Bb6 10.Bg5 h6 11.Bh4 Nc6 12.Rc1 g5 13.Bg3 Ne4 14.Nfd4 f5 15.Nxc6 bxc6
16.Be5 Qe7 17.Bc3 Bd7 18.Ba5 Ba7 19.c4 g4 20.Bc7 f4 21.c5 f3 22.Bxa6 fxg2
23.Kxg2 Qh4 24.Rc2 Bb8 25.Bxb8 Raxb8 26.Nd4 Rf4 27.Qd3 Rbf8 28.Qe3 Ng5 29.Rd1 Rf3
30.Qe1 Rh3 31.Qg1 g3 32.Kf1 Rxh2  0-1

[Event "URS-FL56"]
[Site "Klaipeda"]
[Date "1988.??.??"]
[Round "?"]
[White "Lukin, Andrei M"]
[Black "Dolmatov, Sergey"]
[Result "1/2-1/2"]
[WhiteElo "2430"]
[BlackElo "2550"]

1.e4 e6 2.d4 d5 3.Nd2 a6 4.Ngf3 c5 5.exd5 exd5 6.dxc5 Bxc5 7.Nb3 Be7 8.Bd3 Nf6
9.O-O Bg4 10.Re1 O-O 11.Bg5 Nbd7 12.Nbd4 Bc5 13.c3 Qc7 14.Qc2 Bh5 15.Bh4 Bg6
16.Bg3 Qb6 17.Bxg6 hxg6 18.Nb3 Rfe8 19.Nxc5 Qxc5 20.Nd4 b5 21.a3 Nb6 22.f3 Rac8
23.Bf2 Qd6 24.Bg3 Qc5  1/2-1/2

[Event "Kobanya op"]
[Site "Kobanya"]
[Date "1988.??.??"]
[Round "?"]
[White "Franzoni, Giancarlo"]
[Black "Schauwecker, Meinrad"]
[Result "0-1"]
[WhiteElo "2435"]
[BlackElo "2380"]

1.e4 e6 2.d4 d5 3.Nd2 Nc6 4.c3 e5 5.exd5 Qxd5 6.Ngf3 exd4 7.Bc4 Qh5 8.O-O Be6
9.Qe2 O-O-O 10.Bxe6+ fxe6 11.Nxd4 Qxe2 12.Nxe2 Nf6 13.Nb3 Bd6 14.Ned4 Nxd4
15.Nxd4 Rhe8 16.Bg5 Bc5 17.Nb3 Bb6 18.Rae1 Rd3 19.Re2 h6 20.Bh4 e5 21.Bxf6 gxf6
22.Rfe1 e4 23.Kf1 f5 24.f3 Rg8 25.Rd2 exf3 26.g3 Rxd2 27.Nxd2 f4 28.Nxf3 fxg3
29.Kg2 gxh2+ 30.Kxh2 Bc5 31.Re4 Bd6+ 32.Kh1 Rg3 33.Nd4 Rd3 34.Re2 Bf4 35.Nb3 Re3
36.Rc2 h5 37.Kg2 h4 38.Rf2 h3+ 39.Kf1 Bg3 40.Rf8+ Kd7  0-1

[Event "FRG-ch qual"]
[Site "Koenigslutter"]
[Date "1988.??.??"]
[Round "?"]
[White "Dietzsch, Herbert"]
[Black "Behrens, Harald"]
[Result "0-1"]
[WhiteElo "2230"]
[BlackElo "2305"]

1.e4 e6 2.d4 d5 3.Nd2 a6 4.Ngf3 c5 5.c3 Nc6 6.Bd3 Nf6 7.e5 Nd7 8.O-O cxd4
9.cxd4 Be7 10.Re1 Qb6 11.a3 Nxd4 12.Nxd4 Qxd4 13.Nf3 Qg4 14.h3 Qh5 15.Kh2 f5
16.exf6 Nxf6 17.Kg1 O-O 18.Qc2 Bd6 19.Ng5 e5 20.Qb3 Kh8 21.Qb6 Bb8 22.Qb4 Qe8
23.Be3 e4 24.Bc5 a5 25.Qb5 Bd7 26.Qb3 Ba7 27.Bxf8 Qxf8 28.Bxe4 a4 29.Qg3 dxe4
30.Nxe4 Nxe4 31.Rxe4 Bc6 32.Re6 Rd8 33.Rae1 Rd3 34.Qh4 g5 35.Qg4 Bxf2+ 36.Kh1 Rg3
37.Qh5 Bxe1 38.Rxe1 Rxg2  0-1

[Event "Luxembourg op"]
[Site "Luxembourg"]
[Date "1988.??.??"]
[Round "2"]
[White "David, Alberto"]
[Black "Ehrke, Anja"]
[Result "0-1"]
[WhiteElo "2365"]
[BlackElo "2150"]

1.e4 e6 2.d4 d5 3.Nd2 Nc6 4.Ngf3 Nf6 5.e5 Nd7 6.Be2 f6 7.exf6 Qxf6 8.Nf1 Bd6
9.Ne3 O-O 10.O-O Qg6 11.c4 Nf6 12.c5 Bf4 13.Re1 Ne4 14.Nf1 Bxc1 15.Rxc1 Bd7
16.Ng3 Rf4 17.Bd3 Raf8 18.Re3 h5 19.Qe2 Rg4 20.Bxe4 dxe4 21.Rxe4 h4 22.Rxg4 Qxg4
23.Nf1 h3 24.Ng3 hxg2 25.Ne5 Nxe5 26.dxe5 Qf4 27.Qe3 Bc6 28.b3 Bd5 29.Rd1 Qxe3
30.fxe3 Bf3 31.Rd4 g5 32.Ne4 Rf5 33.Rd8+ Kf7 34.Ng3 Rxe5 35.Rd7+ Ke8 36.Rd3 Rxc5
37.Kf2 Rc2+  0-1

[Event "Madrid rapid"]
[Site "Madrid"]
[Date "1988.??.??"]
[Round "6"]
[White "Sokolov, Andrei"]
[Black "Kortschnoj, Viktor"]
[Result "1/2-1/2"]
[WhiteElo "2595"]
[BlackElo "2640"]

1.e4 e6 2.d4 d5 3.Nd2 Be7 4.c3 dxe4 5.Nxe4 Nf6 6.Nxf6+ Bxf6 7.Nf3 Nd7 8.Bf4 O-O
9.Be2 b6 10.O-O Bb7 11.Qd2 c5 12.dxc5 Nxc5 13.Qe3 Qd5 14.Rfd1 Qe4 15.Qxe4 Nxe4
16.Be5 Rfd8 17.Bxf6 Nxf6 18.Ne5 Kf8 19.f3 Nd5 20.Kf2 f6 21.Ng4 Ke7  1/2-1/2

[Event "Moscow-ch"]
[Site "Moscow"]
[Date "1988.??.??"]
[Round "?"]
[White "Janovsky, Sergey"]
[Black "Muratov, Vladimir A"]
[Result "0-1"]
[WhiteElo "2400"]
[BlackElo "2215"]

1.e4 e6 2.d4 d5 3.Nd2 Nc6 4.c3 dxe4 5.Nxe4 Qd5 6.Bd3 e5 7.Qe2 Be6 8.Ng5 exd4
9.Be4 Qd7 10.Nxe6 fxe6 11.Qh5+ g6 12.Bxg6+ hxg6 13.Qxh8 O-O-O 14.Bg5 dxc3
15.bxc3 Be7 16.Qh4 Qd3 17.Ne2 Rd5 18.Qh8 Bxg5 19.Qxg8+ Nd8 20.O-O Qxe2 21.Qxg6 Bd2
22.Qf6 Qc4 23.Rad1 Bxc3 24.Qf3 Bd4 25.Rd2 c5 26.h4 Rf5 27.Qh3 Qd5 28.Qg4 Nc6
29.Kh1 Ne5 30.Qg8+ Kc7 31.Qh7+ Rf7 32.Qh5 Qe4 33.Rc1 Kb6 34.Qg5 Rh7 35.f4 Nf7
36.Qg3 a6 37.Kh2 e5 38.Re2 Qf5 39.Qb3+ Ka7 40.Rb1 Rxh4+  0-1

[Event "URS-chT"]
[Site "Naberezhnie Chelni"]
[Date "1988.??.??"]
[Round "?"]
[White "Timoshenko, Georgy"]
[Black "Dolmatov, Sergey"]
[Result "1-0"]
[WhiteElo "2515"]
[BlackElo "2550"]

1.e4 e6 2.d4 d5 3.Nd2 a6 4.Ngf3 c5 5.exd5 exd5 6.Be2 c4 7.b3 b5 8.c3 Bd6
9.O-O Ne7 10.a4 Bb7 11.Ba3 Bxa3 12.Rxa3 O-O 13.Qa1 Nd7 14.Rb1 Qc7 15.Ne1 Bc6
16.g3 Nb6 17.axb5 axb5 18.Nc2 Nf5 19.Nb4 Bb7 20.Bf3 Nd6 21.Rxa8 Rxa8 22.Qb2 cxb3
23.Qxb3 Nbc4 24.Qd1 Nxd2 25.Qxd2 Ne4 26.Bxe4 dxe4 27.Nc2 Bc6 28.d5 Bd7 29.Qd4 Ra4
30.Nb4 Ra3 31.Rc1 Qc4 32.Qxc4 bxc4 33.Kf1 f5 34.Ke2 Kf7 35.Ke3 Kf6 36.Kd4 g5
37.Re1 Ra8 38.Re2 Re8 39.Na6 Rd8 40.Rb2 Be6 41.Rb5 Bf7 42.Rb6+ Kg7 43.Nc7 Rd7
44.Rc6 Rd8 45.Rxc4 Kg6 46.Rc6+ Kh5 47.h3 Rb8 48.Ne6 Bxe6 49.Rxe6 Rb2 50.Ke3 Rc2
51.Rc6 Rc1 52.Kd2 Ra1 53.Rf6 Ra2+ 54.Ke3 Rc2 55.Rxf5 Rxc3+ 56.Kxe4 Kg6 57.Rf3  1-0

[Event "URS-chT"]
[Site "Naberezhnie Chelni"]
[Date "1988.??.??"]
[Round "?"]
[White "Lanka, Zigurds"]
[Black "Piskov, Yury"]
[Result "1-0"]
[WhiteElo "2420"]
[BlackElo "2415"]

1.e4 e6 2.d4 d5 3.Nd2 a6 4.Bd3 c5 5.dxc5 Bxc5 6.Ngf3 Nc6 7.a3 Nf6 8.O-O Qc7
9.b4 Be7 10.Bb2 b5 11.Re1 O-O 12.exd5 Nxd5 13.c4 bxc4 14.Nxc4 Bb7 15.Rc1 Qf4
16.Re4 Qb8 17.Rg4 Bf6 18.Qd2 Nce7 19.h4 Kh8 20.Nfe5 Qc7 21.Rxg7 Ng6 22.Qh6  1-0

[Event "Naestved op"]
[Site "Naestved"]
[Date "1988.??.??"]
[Round "1"]
[White "Jansa, Vlastimil"]
[Black "Sorensen, Bent"]
[Result "1/2-1/2"]
[WhiteElo "2470"]
[BlackElo "2320"]

1.e4 e6 2.d4 d5 3.Nd2 a6 4.Ngf3 c5 5.exd5 exd5 6.Be2 cxd4 7.O-O Bd6 8.Nb3 Ne7
9.Nbxd4 O-O 10.Be3 Bg4 11.h3 Bh5 12.Qd2 Qc7 13.Rad1 Nd7 14.Nh4 Bg6 15.Bg5 Nc5
16.Bxe7 Bxe7 17.Nxg6 hxg6 18.Bf3 Rad8 19.Rfe1 Bf6 20.c3 Qd6 21.Nc2 Qb6 22.Nb4 d4
23.c4 Bg5 24.Qxg5 Qxb4 25.b3 Rde8 26.Rxe8 Rxe8 27.Qd2 Qxd2 28.Rxd2 Rd8 29.b4 Ne6
30.Bxb7 Rb8 31.Bxa6 Rxb4 32.Bb5 Kf8 33.a3 Rb1+ 34.Kh2 Ra1 35.a4 Ke7 36.Kg3 Kd6
37.Kf3 Ra3+ 38.Ke2 Kc5 39.g3 Ng5 40.Rd3 Ra2+ 41.Rd2 Ra3 42.Rd3 Ra2+ 43.Rd2 Ra3  1/2-1/2

[Event "Naleczow (Women)"]
[Site "Naleczow"]
[Date "1988.??.??"]
[Round "7"]
[White "Ghinda, Eugenia"]
[Black "Lissowska, Anna"]
[Result "1-0"]
[WhiteElo "2225"]
[BlackElo "2135"]

1.e4 e6 2.d4 d5 3.Nd2 Be7 4.Ngf3 Nf6 5.Bd3 c5 6.dxc5 Nfd7 7.exd5 exd5 8.Nb3 a5
9.a4 Nxc5 10.Nxc5 Bxc5 11.O-O Be6 12.Qe2 Nc6 13.Re1 Be7 14.Bf4 O-O 15.c3 Bf6
16.Bc2 Re8 17.Qb5 Ra6 18.Be3 Qd7 19.Rad1 Ne7 20.Ng5 h6 21.Ne4 Bf5 22.Qxd7 Bxd7
23.Nc5 Bg4 24.f3 Bf5 25.Bxf5 Nxf5 26.Nxa6 Rxe3 27.Nc7 d4 28.Nd5 Rxe1+ 29.Rxe1 Bg5
30.f4 Bh4 31.g3 Bf6 32.Re8+ Kh7 33.Nxf6+ gxf6 34.cxd4 Nxd4 35.Re7 b5 36.Rxf7+ Kg6
37.Rd7 Nf3+ 38.Kf2 Nxh2 39.axb5 Ng4+ 40.Ke2  1-0

[Event "Naleczow (Women)"]
[Site "Naleczow"]
[Date "1988.??.??"]
[Round "10"]
[White "Jahn, Constanze"]
[Black "Lissowska, Anna"]
[Result "1/2-1/2"]
[WhiteElo "2210"]
[BlackElo "2135"]

1.e4 e6 2.d4 d5 3.Nd2 Be7 4.e5 c5 5.c3 Nc6 6.Ngf3 cxd4 7.cxd4 Qb6 8.Nb3 a5
9.a4 Bb4+ 10.Ke2 Nge7 11.g4 Qc7 12.Bd2 b6 13.Rc1 Ba6+ 14.Ke1 Bxf1 15.Kxf1 Qd7
16.Be3 h5 17.gxh5 Rxh5 18.Rg1 g6 19.Bg5 O-O-O 20.Bxe7 Bxe7 21.Qd3 Kb7 22.Qb5 Bb4
23.Nc5+ Bxc5 24.dxc5 Qc7 25.cxb6 Qd7 26.Ne1 Rc8 27.Nd3 Nxe5 28.Nc5+ Rxc5
29.Rxc5 Qxb5+ 30.Rxb5 Nc6 31.Rg3 Rxh2 32.Rc3 Rh8 33.Ke1 d4 34.Rf3 f5 35.Rg3 Rh6
36.Kd2 e5 37.Rd5 Kxb6 38.Rd6 Kc5 39.Rgxg6 Rxg6 40.Rxg6 e4 41.Rf6 Ne7 42.Rf7 Kd6
43.Rf8 Ke6 44.Rb8 Nc6 45.Rb6 Kd6 46.Rb5 f4 47.Rf5 f3 48.Rf6+ Kd5 49.Rf8 Kd6
50.Rf6+  1/2-1/2

[Event "Novi Sad op"]
[Site "Novi Sad"]
[Date "1988.??.??"]
[Round "4"]
[White "Kotronias, Vasilios"]
[Black "Machulsky, Anatoly D"]
[Result "1-0"]
[WhiteElo "2465"]
[BlackElo "2415"]

1.e4 e6 2.d4 d5 3.Nd2 a6 4.Ngf3 c5 5.dxc5 Bxc5 6.Bd3 Nf6 7.Qe2 O-O 8.O-O Nc6
9.a3 Be7 10.Re1 Qc7 11.b4 e5 12.exd5 Nxd5 13.Bc4 Be6 14.Bb2 f6 15.Rad1 Nf4
16.Bxe6+ Nxe6 17.Nf1 Kh8 18.c4 Rad8 19.Ne3 Nf4 20.Qc2 Rxd1 21.Rxd1 Rd8 22.g3 Rxd1+
23.Qxd1 Ne6 24.Qd5 Qc8 25.h4 Bf8 26.Nf5 Nc7 27.Qe4 a5 28.b5 Nd8 29.Ne1 Nce6
30.Nd3 Qd7 31.Ne3 Nc5 32.Nxc5 Bxc5 33.Kg2 Ne6 34.Bc3 Bxa3 35.Bxa5 Nc5 36.Qd5 Qxd5+
37.Nxd5 Ne4 38.Kf3 Nd6 39.Ne3 Bc5 40.Bc7 Ne8 41.Bb8 Kg8 42.Ke4 Kf7 43.Kd5 Bb6
44.c5 Bc7 45.Ba7 Bd8 46.b6 Ke7 47.c6 bxc6+ 48.Kxc6 Bxb6 49.Bxb6 Ke6 50.Nd5 g5
51.hxg5 fxg5 52.Nc7+ Nxc7 53.Bxc7 h5 54.Bd8 Kf5 55.Kd5  1-0

[Event "Sarajevo"]
[Site "Sarajevo"]
[Date "1988.??.??"]
[Round "?"]
[White "Marjanovic, Slavoljub"]
[Black "Kovacevic, Vlatko"]
[Result "1/2-1/2"]
[WhiteElo "2480"]
[BlackElo "2515"]

1.e4 e6 2.d4 d5 3.Nd2 a6 4.Ngf3 c5 5.exd5 exd5 6.Be2 Nc6 7.O-O cxd4 8.Re1 Be7
9.Nb3 Nf6 10.Nfxd4 O-O 11.Bf4 Re8 12.c3 Bf8 13.Qc2 g6 14.Bf3 Bg4 15.Bg5 Bxf3
16.Nxf3 Qd6 17.Bxf6 Qxf6 18.Qd3 Rxe1+ 19.Rxe1 Rd8 20.g3 h5 21.Kg2 Qd6 22.Qe3 Rd7
23.Rd1 Qf6 24.Qb6  1/2-1/2

[Event "Stara Pazova"]
[Site "Stara Pazova"]
[Date "1988.??.??"]
[Round "11"]
[White "Popovic, Petar"]
[Black "Doljanin, Tomislav"]
[Result "1-0"]
[WhiteElo "2530"]
[BlackElo "2255"]

1.e4 e6 2.d4 d5 3.Nd2 Be7 4.Bd3 b6 5.c3 a5 6.e5 Ba6 7.Bxa6 Nxa6 8.Qg4 Bf8
9.Ndf3 Qd7 10.Ne2 Ne7 11.O-O Nf5 12.Ng3 g6 13.Bg5 h5 14.Qf4 Be7 15.Nxf5 gxf5
16.h4 O-O-O 17.b3 Rde8 18.c4 Ba3 19.Bf6 Rhg8 20.Ng5 Nb4 21.Qf3 Kb8 22.Rad1 Qc6
23.Qe2 Kb7 24.Qxh5 a4 25.Qe2 Na6 26.f4 Qd7 27.Qf3 Bb2 28.cxd5 exd5 29.bxa4 Qxa4
30.Qxd5+ Kb8 31.h5 Nb4 32.Qc4 b5 33.Qe2 Nc2 34.d5 Bd4+ 35.Kh1 Ne3 36.Rxd4 Qxd4
37.Qxb5+ Qb6 38.Rb1 Qxb5 39.Rxb5+ Kc8 40.h6 Ng4 41.h7 Rg6 42.h8=Q Rxh8+ 43.Bxh8 Rh6+
44.Kg1 Rxh8 45.Nxf7  1-0

[Event "Tatran Cup"]
[Site "Stary Smokovec"]
[Date "1988.??.??"]
[Round "3"]
[White "Tibensky, Robert"]
[Black "Drasko, Milan"]
[Result "1-0"]
[WhiteElo "2400"]
[BlackElo "2510"]

1.e4 e6 2.d4 d5 3.Nd2 Nc6 4.Ngf3 Nf6 5.e5 Nd7 6.Nb3 a5 7.a4 b6 8.Bg5 Be7
9.h4 Bb7 10.c3 h6 11.Bf4 Qc8 12.h5 Ba6 13.Rh3 Bxf1 14.Kxf1 Qa6+ 15.Kg1 b5
16.Rg3 bxa4 17.Rxa4 Qb5 18.Ra2 Rb8 19.Nc1 Bf8 20.Nd3 Nb6 21.Bc1 Nc4 22.Nd2 Ne7
23.b3 Nxd2 24.Qxd2 Nf5 25.Rh3 Be7 26.Ba3 Bd8 27.Rb2 Rg8 28.Bc5 Ra8 29.Qc1 g6
30.c4 Qd7 31.cxd5 exd5 32.e6 Qxe6 33.Nf4 Bg5 34.Re3 Kd7 35.Nxe6 fxe6 36.Qf1  1-0

[Event "Tel Aviv"]
[Site "Tel Aviv"]
[Date "1988.??.??"]
[Round "?"]
[White "Gruenfeld, Yehuda"]
[Black "Blees, Albert"]
[Result "1/2-1/2"]
[WhiteElo "2550"]
[BlackElo "2390"]

1.e4 e6 2.d4 d5 3.Nd2 a6 4.Ngf3 c5 5.dxc5 Bxc5 6.Bd3 Nc6 7.O-O Nge7 8.a3 O-O
9.b4 Ba7 10.Bb2 Ng6 11.c4 dxc4 12.Nxc4  1/2-1/2

[Event "Thessaloniki ol (Men)"]
[Site "Thessaloniki"]
[Date "1988.??.??"]
[Round "10"]
[White "De la Villa Garcia, Jesus Maria"]
[Black "Hergott, Deen"]
[Result "1/2-1/2"]
[WhiteElo "2440"]
[BlackElo "2365"]

1.e4 e6 2.d4 d5 3.Nd2 Be7 4.Bd3 Nc6 5.Ngf3 Nb4 6.Be2 dxe4 7.Nxe4 Nf6 8.Nxf6+ Bxf6
9.c3 Nd5 10.Qc2 Bd7 11.Bd2 c5 12.c4 Nb6 13.Be3 cxd4 14.Nxd4 Rc8 15.Rd1 Nxc4
16.Bxc4 Qa5+ 17.Rd2 Bxd4 18.Bxd4 Qg5 19.Qd3 Qxg2 20.Rf1 O-O 21.f3 Qg5 22.Rg1 Qh4+
23.Bf2 Qf6 24.Qe4 Bc6 25.Bd4 Bxe4 26.Bxf6 Bg6 27.Be7 Rfe8 28.Rd7 Rxc4 29.Rxb7 e5
30.Kf2 Rc2+ 31.Ke3 f5 32.f4 exf4+ 33.Kxf4 Re2 34.Bc5 R8e4+ 35.Kf3 Bh5+ 36.Kg3 Rg4+
37.Kh3 Rxg1 38.Bxg1 a6 39.Bd4 Bg4+ 40.Kg3 g6 41.Rg7+ Kf8 42.Rxh7 Re4 43.Bc5+ Kg8
44.Re7 Rxe7  1/2-1/2

[Event "URS-ch otbor56"]
[Site "Uzhgorod"]
[Date "1988.??.??"]
[Round "?"]
[White "Akopian, Vladimir"]
[Black "Piskov, Yury"]
[Result "1-0"]
[WhiteElo "2455"]
[BlackElo "2415"]

1.e4 e6 2.d4 d5 3.Nd2 a6 4.Ngf3 c5 5.exd5 exd5 6.Be2 c4 7.O-O Bd6 8.b3 b5
9.Re1 Ne7 10.a4 Bb7 11.Ne5 O-O 12.bxc4 bxc4 13.Bf3 Nbc6 14.Nf1 Qc7 15.Bf4 Nd8
16.Bg3 Ne6 17.Rb1 Rab8 18.Bg4 f5 19.Bh3 Ng5 20.Qh5 Nxh3+ 21.Qxh3 f4 22.Qe6+ Kh8
23.Nf7+ Rxf7 24.Qxf7 fxg3 25.Nxg3 Rg8 26.Rxe7 Bxe7 27.Nf5 Qf4 28.g3 Qf3 29.Rxb7 Bf6
30.Nh6 Ra8 31.Qg8+  1-0

[Event "RSFSR-ch"]
[Site "Voronezh"]
[Date "1988.??.??"]
[Round "?"]
[White "Meister, Yakov"]
[Black "Doroshkievich, Vladimir K"]
[Result "1-0"]
[WhiteElo "2385"]
[BlackElo "2390"]

1.e4 e6 2.d4 d5 3.Nd2 Nc6 4.Ngf3 Nf6 5.e5 Nd7 6.Be2 b6 7.O-O Bb7 8.c3 Qc8
9.Ne1 Ba6 10.Nd3 Ne7 11.b4 g6 12.a4 Bxd3 13.Bxd3 c5 14.bxc5 bxc5 15.c4 Bg7
16.cxd5 Nxd5 17.Ba3 O-O 18.Rc1 Qd8 19.Be4 Qa5 20.Nc4 Qa6 21.dxc5 Nxe5 22.Nxe5 Bxe5
23.Bxd5 exd5 24.Qxd5 Qxa4 25.Qxe5 Qxa3 26.c6 Rfe8 27.Qf4 a5 28.h4 a4 29.Rc4 Qb3
30.h5 a3 31.h6 Qb5 32.c7 Rac8 33.Rd1 Qh5 34.g4 Qh4 35.Kg2 a2 36.Rd7 f5 37.Ra4 Qf6
38.Qc4+ Kh8 39.Rxa2 Re4 40.Rd8+ Rxd8 41.cxd8=Q+ Qxd8 42.Qc3+ Rd4 43.Qxd4+  1-0

[Event "RSFSR-ch"]
[Site "Voronezh"]
[Date "1988.??.??"]
[Round "?"]
[White "Sorokin, Maxim"]
[Black "Doroshkievich, Vladimir K"]
[Result "1-0"]
[WhiteElo "2400"]
[BlackElo "2390"]

1.e4 e6 2.d4 d5 3.Nd2 Nc6 4.c3 e5 5.dxe5 dxe4 6.Qa4 Qd5 7.f4 exf3 8.Ngxf3 Be6
9.Bc4 Qc5 10.Bxe6 fxe6 11.Ne4 Qd5 12.O-O O-O-O 13.Bg5 Re8 14.Rad1 Qa5 15.Qc4 Qa6
16.Qxa6 bxa6 17.h4 Nge7 18.h5 Nd5 19.c4 Nb6 20.b3 Nd7 21.Bf4 Be7 22.Kf2 Rhf8
23.Ke3 Nc5 24.Nxc5 Bxc5+ 25.Ke4 h6 26.Nh4 Rd8 27.Ng6 Rxd1 28.Rxd1 Rd8 29.Rxd8+ Kxd8
30.Bd2 Kd7 31.Nf4 Be7 32.Nd3 a5 33.Be3 a6 34.a4 Nb4 35.Nc5+  1-0

[Event "Zalakaros op"]
[Site "Zalakaros"]
[Date "1988.??.??"]
[Round "11"]
[White "Nagy, Janos"]
[Black "Kiss, Laszlo"]
[Result "1-0"]
[WhiteElo "2220"]
[BlackElo "2300"]

1.e4 e6 2.d4 d5 3.Nd2 Nc6 4.Ngf3 Nf6 5.e5 Nd7 6.c3 f6 7.Bb5 Be7 8.O-O O-O
9.Qe2 a6 10.exf6 Nxf6 11.Bd3 Bd6 12.Ne5 Bxe5 13.dxe5 Ne8 14.Nf3 Ne7 15.Ng5 g6
16.Qg4 Qd7 17.Qh3 Nc6 18.f4 Nd8 19.Be3 b6 20.Rf3 c5 21.Rg3 Ra7 22.Nxh7 Qxh7
23.Rxg6+ Rg7 24.Rh6 Qxd3 25.Rh8+ Kf7 26.Rxf8+ Kxf8 27.Bxc5+ bxc5 28.Qxd3 Bb7
29.Rf1 Nf7 30.Rf3 Nh6 31.Rg3 c4 32.Qe3 Rc7 33.Qb6 Kf7 34.Rh3 Nf5 35.g4 Ne7
36.Rh7+ Kg6 37.Qxc7  1-0

[Event "Nordic-tt"]
[Site "Aabybro"]
[Date "1989.??.??"]
[Round "?"]
[White "Sorensen, Jan"]
[Black "Mueller, Karsten"]
[Result "1/2-1/2"]
[WhiteElo "2335"]
[BlackElo "2365"]

1.e4 e6 2.d4 d5 3.Nd2 a6 4.Ngf3 c5 5.exd5 exd5 6.Be2 c4 7.O-O Bd6 8.Re1 Ne7
9.Nf1 Nbc6 10.Bg5 O-O 11.Bh4 b5 12.Ne3 Qc7 13.Bg3 f5 14.Bxd6 Qxd6 15.Ne5 Nxe5
16.dxe5 Qc5 17.c3 Be6 18.Nc2 Nc6 19.Qd2 a5 20.Rad1 b4 21.Bf3 Rfd8 22.Nd4 Nxd4
23.Qxd4 Rac8 24.Re2 Qxd4 25.Rxd4 Rc5 26.Red2 Kf7 27.g3 Ke7 28.Bg2 Bf7 29.f4 Ke6
30.Bf3 h6 31.Kf2 g5 32.Ke3 Bg6 33.a3 b3 34.Be2 Rd7 35.Bf1 Be8 36.Bh3 Rg7
37.g4 Bg6 38.fxg5 hxg5 39.gxf5+ Bxf5 40.Bxf5+ Kxf5 41.Rxd5 Rxd5 42.Rxd5 Rh7
43.e6+ Kxe6 44.Rxg5 Rxh2 45.Rxa5 Rxb2 46.Kd4 Ra2 47.Kxc4 b2 48.Rb5 Rxa3 49.Rxb2  1/2-1/2

[Event "Aarhus op"]
[Site "Aarhus"]
[Date "1989.??.??"]
[Round "5"]
[White "Pilgaard, Kim"]
[Black "Kroll, Ove"]
[Result "1-0"]
[WhiteElo "2255"]
[BlackElo "2335"]

1.e4 e6 2.d4 d5 3.Nd2 Nc6 4.Ngf3 g6 5.c3 Bg7 6.Bd3 Nh6 7.O-O O-O 8.Re1 f5
9.exd5 exd5 10.Ne5 Nxe5 11.dxe5 Be6 12.f4 c5 13.Nf3 Nf7 14.Be3 Qc7 15.Qd2 Rfd8
16.Qf2 Bf8 17.Rac1 Be7 18.b4 b6 19.a4 a5 20.b5 Kh8 21.Rcd1 Rd7 22.Bb1 Qd8
23.Rd2 Qg8 24.Kh1 Rad8 25.Red1 Nh6 26.h3 Qf7 27.Qg3 Ng8 28.Ng5 Bxg5 29.Qxg5 d4
30.cxd4 Bb3 31.Bc2 Bxc2 32.Rxc2 cxd4 33.Bf2 d3 34.Rcd2 Qe6 35.Bh4 Rd4 36.Qxd8 Rxd8
37.Bxd8 Nh6 38.Rxd3 Nf7 39.Bf6+ Kg8 40.Rc3 h6 41.Rc7 g5 42.Rdd7 gxf4 43.Rxf7  1-0

[Event "Alma-Ata"]
[Site "Alma-Ata"]
[Date "1989.??.??"]
[Round "1"]
[White "Conquest, Stuart"]
[Black "Machulsky, Anatoly D"]
[Result "0-1"]
[WhiteElo "2490"]
[BlackElo "2450"]

1.e4 e6 2.d4 d5 3.Nd2 a6 4.Bd3 c5 5.dxc5 Bxc5 6.Qe2 Ne7 7.Ngf3 Nbc6 8.c3 O-O
9.O-O Ba7 10.Re1 Ng6 11.Nf1 Qc7 12.Bc2 d4 13.e5 Rd8 14.Bg5 Re8 15.cxd4 Nxd4
16.Nxd4 Bxd4 17.Rad1 Bc5 18.h4 h6 19.h5 Nf8 20.Bh4 Be7 21.Bxe7 Qxe7 22.Ng3 Bd7
23.Ne4 Bc6 24.Nd6 Red8 25.Rd4 Rd7 26.Rg4 f5 27.Rg3 Kh8 28.Rd1 Nh7 29.f4 Qh4
30.Qf2 Qxh5 31.Rh3 Qg4 32.Rh4 Qg6 33.g4 h5 34.Qg3 hxg4 35.Rd2 Kg8 36.Rdh2 Rxd6
37.exd6 Nf8 38.Rh8+ Kf7  0-1

[Event "Alma-Ata"]
[Site "Alma-Ata"]
[Date "1989.??.??"]
[Round "5"]
[White "Kuczynski, Robert"]
[Black "Machulsky, Anatoly D"]
[Result "1/2-1/2"]
[WhiteElo "2450"]
[BlackElo "2450"]

1.e4 e6 2.d4 d5 3.Nd2 a6 4.Ngf3 c5 5.dxc5 Bxc5 6.Bd3 Nc6 7.c3 Nge7 8.O-O O-O
9.Re1 Ba7 10.exd5 exd5 11.Nb3 Ng6 12.Be3 Bxe3 13.Rxe3 Bg4 14.h3 Bxf3 15.Qxf3 Qg5
16.Qf5 Qxf5 17.Bxf5 Rfe8 18.Rxe8+ Rxe8 19.Kf1 Nge5 20.Re1 Kf8 21.Nc5 Re7
22.b3 g6 23.Bc8 b6 24.Nxa6 Ra7 25.a4 f6 26.f4 Nd3 27.Rd1 Nxf4 28.g3 Nh5 29.Rxd5 Nxg3+
30.Kg2 Ne2 31.Rd6 Ne7 32.Nb4 Nxc3  1/2-1/2

[Event "Aosta op"]
[Site "Aosta"]
[Date "1989.??.??"]
[Round "?"]
[White "Perovic, Dragan"]
[Black "Drasko, Milan"]
[Result "1-0"]
[WhiteElo "2345"]
[BlackElo "2505"]

1.e4 e6 2.d4 d5 3.Nd2 Nc6 4.Ngf3 Nf6 5.e5 Nd7 6.Bd3 Nb4 7.Be2 c5 8.c3 Nc6
9.Bd3 Be7 10.O-O g5 11.h3 h5 12.g3 Qb6 13.Re1 cxd4 14.cxd4 g4 15.hxg4 hxg4
16.Nh2 Rxh2 17.Kxh2 Qxd4 18.Re3 Ndxe5 19.Nb3 Nf3+ 20.Rxf3 Qh8+ 21.Kg1 gxf3
22.Qxf3 Bd7 23.Be3 d4 24.Bf4 f5 25.Re1 O-O-O 26.Rc1 e5 27.Na5 Kb8 28.Nxc6+ bxc6
29.Ba6 Kc7 30.Bd2 Rb8 31.Ba5+ Kd6 32.Bc4 Qh6 33.Rc2 Bc8 34.Bf7 e4 35.Qa3+ Kd7
36.Qa4 Qf6 37.Rxc6 Qxc6 38.Be8+ Kxe8 39.Qxc6+ Bd7 40.Qg6+ Kf8 41.Qh6+ Kf7
42.Qh7+ Ke6 43.Qg6+ Bf6 44.g4 fxg4 45.Bc7 Rh8 46.Qxg4+ Ke7 47.Qxe4+ Be6 48.Kf1 Kf7
49.Ke2 Bxa2 50.Kd2 Rh4 51.Qb7 Kg8 52.Qb8+ Kg7 53.Be5  1-0

[Event "ARG-ch"]
[Site "?"]
[Date "1989.??.??"]
[Round "9"]
[White "Campora, Daniel H"]
[Black "Contin, Daniel"]
[Result "1-0"]
[WhiteElo "2500"]
[BlackElo "2310"]

1.e4 e6 2.d4 d5 3.Nd2 Nc6 4.Ngf3 Nf6 5.e5 Nd7 6.Nb3 a5 7.a4 b6 8.c3 Bb7 9.Bf4 Be7
10.h4 Qc8 11.h5 h6 12.Rh3 Ba6 13.Rg3 Bxf1 14.Kxf1 Qa6+ 15.Kg1 Bf8 16.Be3 O-O-O
17.Nc1 Re8 18.Nd3 Nd8 19.b4 c6 20.Qc2 Kb8 21.Nd2 f6 22.f4 f5 23.bxa5 bxa5
24.c4 Nb6 25.Rb1 Nb7 26.Nc5 Bxc5 27.dxc5 Nc8 28.cxd5 exd5 29.Rxg7 Ne7 30.Rb6 Qe2
31.Qb3 Rh7 32.Rxb7+ Ka8 33.Rbxe7  1-0

[Event "ARG-ch"]
[Site "?"]
[Date "1989.??.??"]
[Round "14"]
[White "Campora, Daniel H"]
[Black "Gomez Baillo, Jorge H"]
[Result "1-0"]
[WhiteElo "2500"]
[BlackElo "2445"]

1.e4 e6 2.d4 d5 3.Nd2 a6 4.Ngf3 c5 5.dxc5 Bxc5 6.Bd3 Nf6 7.Qe2 Nc6 8.O-O Qc7
9.a3 Ba7 10.exd5 Nxd5 11.g3 O-O 12.c4 Nf6 13.Ne4 Nxe4 14.Bxe4 e5 15.Be3 h6
16.Bxa7 Nxa7 17.Nxe5 Re8 18.f4 f6 19.Qh5 Be6 20.Qg6 f5 21.Bxf5 Bxf5 22.Qxf5 Nc6
23.Nxc6 Qb6+ 24.Rf2 bxc6 25.Qc2 Re3 26.c5 Qd8 27.Rd1 Qe7 28.f5 Rd8 29.Rxd8+ Qxd8
30.f6 Qd5 31.Qg6 Re1+ 32.Rf1 Qd4+ 33.Kg2 Re2+ 34.Kh3 Qd7+ 35.g4 Rxb2 36.Rd1  1-0

[Event "Akropolis op"]
[Site "Athens"]
[Date "1989.??.??"]
[Round "?"]
[White "Marinkovic, Ivan"]
[Black "Skalkotas, Nikolaos"]
[Result "1-0"]
[WhiteElo "2420"]
[BlackElo "2325"]

1.e4 e6 2.d4 d5 3.Nd2 a6 4.Ngf3 c5 5.exd5 exd5 6.Be2 cxd4 7.Nb3 Bd6 8.Qxd4 Nf6
9.Bg5 Nc6 10.Qe3+ Qe7 11.Qxe7+ Kxe7 12.O-O-O Be6 13.Nfd4 h6 14.Bh4 Rhc8 15.Rhe1 g5
16.Bg3 Ne4 17.Bxd6+ Kxd6 18.f3 Nc5 19.h4 Nxb3+ 20.axb3 Nxd4 21.Rxd4 Kc5 22.c3 Rg8
23.hxg5 hxg5 24.Kd2 Rae8 25.b4+ Kb6 26.Bd1 g4 27.fxg4 Rg5 28.Rh1 Reg8 29.Rh4 Re5
30.Bf3 Reg5 31.Ke3 Kc7 32.Kf4 f6 33.Rh7+ R8g7 34.Rh6 R5g6 35.Rxg6 Rxg6 36.Bxd5 Rxg4+
37.Ke3 Rxd4 38.Kxd4 Bd7 39.Be4 Bc8 40.c4 Bd7 41.c5 b6 42.Bd3 Bc8 43.Be2 Bb7
44.Bf3 Bc8 45.Kd5 Bf5 46.Be2 Bd7 47.g3 Bc8 48.Bd3 b5 49.Bg6 Bd7 50.Bf7 Bg4
51.Be6 Bf3+ 52.Kd4 Bd1 53.Ke4 Bc2+ 54.Kf4 Bb1 55.Bd5 Bh7 56.Be4 Bg8 57.Kg4  1-0

[Event "Belgrade op"]
[Site "Belgrade"]
[Date "1989.??.??"]
[Round "1"]
[White "Matulovic, Milan"]
[Black "Raicevic, Vladimir"]
[Result "1/2-1/2"]
[WhiteElo "2425"]
[BlackElo "2450"]

1.e4 e6 2.d4 d5 3.Nd2 Be7 4.e5 c5 5.c3 Nc6 6.Ndf3 cxd4 7.cxd4 Bb4+ 8.Bd2 Qa5
9.a3 Bxd2+ 10.Qxd2 Qxd2+ 11.Kxd2 Bd7  1/2-1/2